000 00337nam a22001457a 4500
003 OSt
005 20211231131043.0
008 211231b |||||||| |||| 00| 0 eng d
020 _a3540639357
040 _cHU
082 _a006.7
100 _aMul
_9273
245 _aFrom Multimedia Services To Network Services
942 _2ddc
_cBOOKS
_n0
999 _c25541
_d25541